Industrial energy management strategies : (Record no. 599565)
[ view plain ]
| 000 -LEADER | |
|---|---|
| fixed length control field | 00296nam a2200109Ia 4500 |
| 008 - FIXED-LENGTH DATA ELEMENTS--GENERAL INFORMATION | |
| fixed length control field | 230907s9999||||xx |||||||||||||| ||und|| |
| 082 ## - DEWEY DECIMAL CLASSIFICATION NUMBER | |
| Classification number | 658.26 |
| Author Mark | BHA |
| 100 ## - MAIN ENTRY--PERSONAL NAME | |
| Personal name | Bhattacharjee, Kaushik, |
| 9 (RLIN) | 115794 |
| 245 #0 - TITLE STATEMENT | |
| Title | Industrial energy management strategies : |
| 300 ## - PHYSICAL DESCRIPTION | |
| Extent | xii, 294 pages : |
| 942 ## - ADDED ENTRY ELEMENTS (KOHA) | |
| Koha item type | Book |
| Withdrawn status | Lost status | Damaged status | Not for loan | Permanent Location | Current Location | Date acquired | Total Checkouts | Full call number | Barcode | Date last seen | Price effective from | Koha item type |
|---|---|---|---|---|---|---|---|---|---|---|---|---|
| US-Pakistan Center for Advanced Studies in Energy (USPCAS-E) | US-Pakistan Center for Advanced Studies in Energy (USPCAS-E) | 10/07/2019 | 658.26 BHA | CAS-E0003664 | 09/12/2023 | 09/12/2023 | Book |
